000 00263nam a2200097Ia 4500
001 715184
005 20250826162919.0
008 250824s9999 xx 000 0 und d
245 0 _aBİR SİYAH SAÇLI KADININ GEZİ NOTLARI
_cBUKET UZUNER
260 _bEVEREST YAYINLARI
999 _c715184
_d715184